| 000 | 00612nam a2200229Ia 4500 | ||
|---|---|---|---|
| 005 | 20241129104246.0 | ||
| 008 | 241129s9999||||xx |||||||||||||| ||und|| | ||
| 020 | _a9781529753707 | ||
| 037 | _aTextual | ||
| 040 |
_aRTL _beng _cRTL |
||
| 041 |
_aeng _2eng |
||
| 084 |
_aX:9-8 Q9;R2 _qRTL |
||
| 100 | _aWilton Nick | ||
| 245 | 0 |
_aIntroduction to human resource management _cWilton Nick |
|
| 250 | _a5th | ||
| 260 |
_aUK _bSage Publications _c2022 |
||
| 300 | _axxi,526p. | ||
| 365 |
_aINR _bRs.5268.44 |
||
| 650 | _aManagement | ||
| 942 |
_cTB _hX:9-8 Q9;R2 |
||
| 999 |
_c1225104 _d1225104 |
||